| 000 | 00577nam a2200193Ia 4500 | ||
|---|---|---|---|
| 003 | OSt | ||
| 005 | 20240722105323.0 | ||
| 008 | 221216s9999||||xx |||||||||||||| ||und|| | ||
| 020 | _a0-13-079993-9 | ||
| 040 | _cChuka University Library | ||
| 050 |
_aLC 3981 _b .H35 2003 |
||
| 100 |
_aHallahan, Daniel P and James M. Kauffman _92314 |
||
| 245 | 0 | _aExceptional learners: Introduction to special education | |
| 250 | _a9th ed | ||
| 260 |
_aBoston _bPearson _c2003 |
||
| 300 |
_a591 _bColored illustrations |
||
| 650 |
_aSpecial education _zUnited states _917073 |
||
| 942 |
_cBK _2lcc |
||
| 999 |
_c3175 _d3175 |
||